00863 2200337 4500001002100000005001700021008004100038020001800079035002400097040001200121082000800133090001300141245007100154260003100225300002800256650002100284700001600305850001200321990001800333990001800351990001800369990001800387990001500405990001500420990001500435990001500450990001500465990001500480990001500495990001500510YOGYA-0209000006236120090227040033.0 ind  a979-413-705-7 0010-020900000062361 aYOPDYOG a410 a410bBah aBAHASA Indonesia deskripsi dan teoricoleh: N.F. Alieva...[et.al.] aYogyakartabKanisiusc1991 ax, 532 hlmbilusc22 cm aBahasa Indonesia aALIEVA, N.F aYOPDYOG a95P0068539b1 a93P0037020b1 a95P0068540b1 a68538-P/95b1 a68539-P/95 a68540-P/95 a37020-P/93 a68538-P/95 a68539-P/95 a68540-P/95 a37020-P/93 a68538-P/95